[Event "Krakow Malopolski Cup"]
[Site "Krakow"]
[Date "2022.08.08"]
[Round "8"]
[White "Gornisiewicz, Natalia"]
[Black "Kucab, Piotr"]
[Result "1-0"]
[WhiteElo "1375"]
[BlackElo "1311"]
[PlyCount "43"]
[EventDate "2022.08.04"]
[EventType "swiss"]
[EventRounds "9"]
[EventCountry "POL"]
[SourceTitle "CBM 209 Extra"]
[Source "ChessBase"]
[SourceDate "2022.09.30"]
[SourceVersion "1"]
[SourceVersionDate "2022.09.30"]
[SourceQuality "1"]

1. Nf3 Nf6 2. g3 g6 3. Bg2 Bg7 4. 0-0 0-0 5. c4 c6 6. d4 d5 7. c5 Bf5 8. Bf4 Re8 9. Nc3 Nfd7 10. b4 e5 11. dxe5 Nxe5 12. Bxe5 Bxe5 13. Nxe5 Rxe5 14. e4 Be6 15. f4 Rh5 16. f5 Qf6 17. fxe6 Qxc3 18. exf7+ Kf8 19. Qg4 Qe3+ 20. Rf2 Na6 21. Qd7 Qg5 22. Qxb7 1-0